Equilibria in Solution

Bibliographic Details
Main Author: Fleck, George. M
Format: Section = Libro
Language:Undetermined
Spanish
Published: New York Holt, Rinehart and Winston 1966
Subjects:
LEADER 00514nam a2200193Ia 4500
008 240830s9999 xx 000 0 und d
040 |a CEDOC FIQ-RUSB / 539 F593 
041 |a spa 
082 |a 539 F593 
100 1 |a Fleck, George. M 
245 1 0 |a Equilibria in Solution 
260 |a New York  |b Holt, Rinehart and Winston  |c 1966 
300 |a 217 p.: il. 
650 7 |a FISICOQUIMICA 
650 7 |b  EL POTENCIAL DE LOS PRODUCTOS QUÍMICOS 
650 7 |c  IONES COMPLEJOS 
942 |c BK  |2 ddc 
991 |a TEXTO 
999 |c 13363